Представление документа в формате MARC21

Поле Инд. ПП Название Значение
Тип записи a
Библиографический уровень m
001 Контрольный номер RU/IS/BASE/464182594
005 Дата корректировки 20180522100819.6
040 a Служба первич. каталог. НБ ТвГУ
b Код языка каталог. rus
e Правила каталог. PSBO
041 0_ a Код языка текста rus
080 a Индекс УДК 316.42(470)(043.3)
084 a Индекс другой классификации/Индекс ББК С028.13я031
090 a Полочн. индекс С028.1
x Авторский знак М 14
100 1_ a Автор Майкова Валентина Петровна
245 10 a Заглавие Социально-философские проблемы динамики общественного сознания в современной России
b Продолж. заглавия автореф. дис. ... д.филос.н. : 09.00.11
c Ответственность Моск. гос. индустриал. ун-т (ФГБОУ ВПО МГИУ), Каф. философии, культурологии и права
260 a Место издания Москва
b Издательство Московский государственный университет леса
c Дата издания 2014
300 a Объем 40 с.
b Иллюстрации/ тип воспроизводства ил.
500 a Примечание На правах рукоп.
504 a Библиография Библиогр.: с. 37-40 (34 назв.) и в подстроч. примеч.
653 0_ a Ключевые слова 20 в.
a Ключевые слова 21 в.
a Ключевые слова Авторефераты
a Ключевые слова Динамика общественного сознания
a Ключевые слова Духовные ценности
a Ключевые слова Общественное сознание
a Ключевые слова Провинциальная русская культура
a Ключевые слова Россия
a Ключевые слова Социальная философия
a Ключевые слова Социальные учреждения
a Ключевые слова Типологизация масс-медиа
a Ключевые слова Формы общественного сознания
901 t Тип документа m
920 a Оператор Семен
a Оператор Суха
a Оператор Густ
a Оператор Стро
930 a Новая/Ретро новая
952 c Вид литературы А/Р н
954 a Дата поступления на обработку 20140917
c Дата окончания ОНО 20140929
b Дата поступления в ОК 20140916